Подробности
| 000 -МАРКЕР |
| контрольное поле |
02584nam2a2200337 4500 |
| 001 - ИДЕНТИФИКАТОР ЗАПИСИ |
| контрольное поле |
RU\NLR\BIBL_A\010892683 |
| 005 - ИДЕНТИФИКАТОР ВЕРСИИ |
| контрольное поле |
20250810071822.0 |
| 010 ## - МЕЖДУНАРОДНЫЙ СТАНДАРТНЫЙ НОМЕР КНИГИ (ISBN) |
| Номер (ISBN) |
978-5-905273-58-2 |
| Тираж |
200 |
| 021 ## - НОМЕР ГОСУДАРСТВЕННОЙ РЕГИСТРАЦИИ |
| Код страны |
Российская Федерация |
| Номер |
15-83239 |
| 035 ## - ДРУГИЕ СИСТЕМНЫЕ НОМЕРА |
| Идентификатор записи |
(NLR Aleph) 010892683 |
| 100 ## - ДАННЫЕ ОБЩЕЙ ОБРАБОТКИ |
| Данные общей обработки |
20151113d2014 u y0rusy50 ca |
| 101 0# - ЯЗЫК РЕСУРСА |
| Язык текста, звукозаписи и т.д. |
русский |
| 102 ## - СТРАНА ПУБЛИКАЦИИ ИЛИ ПРОИЗВОДСТВА |
| Страна публикации |
Российская Федерация |
| 105 ## - ПОЛЕ КОДИРОВАННЫХ ДАННЫХ: ТЕКСТОВЫЕ МАТЕРИАЛЫ, МОНОГРАФИЧЕСКИЕ |
| Кодированные данные о монографическом текстовом документе |
ach z 100cy |
| 200 0# - ЗАГЛАВИЕ И СВЕДЕНИЯ ОБ ОТВЕТСТВЕННОСТИ |
| Основное заглавие |
Вып. 10 |
| Сведения, относящиеся к заглавию |
статьи. Воспоминания. Документы |
| -- |
материалы Международной научно-практической конференции "Связь времен: война и ее отражение в современном музее", посвященной 70-летию Государственного мемориального музея обороны и блокады Ленинграда, 28-29 апреля 2014 г. |
| Первые сведения об ответственности |
[сост.: С.Ю. Курносов, А.В. Кутузов |
| Последующие сведения об ответственности |
]отв. ред. А.В. Кутузов |
| 210 ## - ПУБЛИКАЦИЯ, РАСПРОСТРАНЕНИЕ И ДР. |
| Место издания, распространения и т.д. |
Санкт-Петербург |
| Имя издателя, распространителя и т. д. |
Президентская библиотека |
| Дата издания, распространения и т.д. |
2014 |
| 215 ## - ФИЗИЧЕСКАЯ ХАРАКТЕРИСТИКА |
| Специфическое обозначение материала и объем |
359, [1] с. |
| Другие сведения о физической характеристике |
ил., цв. ил., портр., факс. |
| Размеры |
21 |
| 320 ## - ПРИМЕЧАНИЯ О НАЛИЧИИ В ДОКУМЕНТЕ БИБЛИОГРАФИИ / УКАЗАТЕЛЯ |
| Текст примечания |
Библиогр. в подстроч. примеч. |
| 461 #0 - УРОВЕНЬ НАБОРА |
| Встроенное поле |
001RU\NLR\bibl\1160498 |
| -- |
2001#$aЗабвению не подлежит$vВып. 10 |
| Системный номер (АБИС) связанной записи |
1455053 |
| Место публикации |
Санкт-Петербург |
| Дата публикации |
2004 |
| Первые сведения об ответственности |
Правительство Санкт-Петербурга, Ком по культуре, Гос. мемориал. музей обороны и блокады Ленинграда |
| Имя издателя, распространителя и т.д. |
[б. и.] |
| Сведения, относящиеся к заглавию |
статьи, воспоминания, документы |
| Заглавие |
Забвению не подлежит |
| Номер тома |
Вып. 10 |
| 601 02 - НАИМЕНОВАНИЕ ОРГАНИЗАЦИИ КАК ПРЕДМЕТ |
| Начальный элемент ввода |
Государственный мемориальный музей обороны и блокады Ленинграда |
| Идентифицирующий признак |
Санкт-Петербург, город |
| Формальный подзаголовок |
Съезды, совещания и т.п |
| Системный номер авторитетной/нормативной записи |
2499341 |
| Идентификатор авторитетной/нормативной записи |
RU\NLR\AUTH\661482472 |
| 686 1# - ИНДЕКСЫ ДРУГИХ КЛАССИФИКАЦИЙ |
| Индекс |
Т3(2)722.721л61я431 |
| 686 1# - ИНДЕКСЫ ДРУГИХ КЛАССИФИКАЦИЙ |
| Индекс |
Ц35(2)722.11(2Р-4Ле-2Ленинград)л61я431 |
| 702 #1 - ИМЯ ЛИЦА - ВТОРИЧНАЯ ОТВЕТСТВЕННОСТЬ |
| Начальный элемент ввода |
Курносов |
| Часть имени, кроме начального элемента ввода |
С. Ю. |
| Расширение инициалов личного имени |
Сергей Юрьевич |
| Код отношения |
Составитель |
| 702 #1 - ИМЯ ЛИЦА - ВТОРИЧНАЯ ОТВЕТСТВЕННОСТЬ |
| Начальный элемент ввода |
Кутузов |
| Часть имени, кроме начального элемента ввода |
А. В. |
| Расширение инициалов личного имени |
Александр Владиславович |
| Код отношения |
Редактор |
| 711 12 - НАИМЕНОВАНИЕ ОРГАНИЗАЦИИ - АЛЬТЕРНАТИВНАЯ ОТВЕТСТВЕННОСТЬ |
| Начальный элемент ввода |
"Связь времен: война и ее отражение в современном музее", международная научно-практическая конференция |
| Место проведения временной организации |
Санкт-Петербург |
| Дата проведения временной организации |
2014 |
| Системный номер авторитетной/нормативной записи |
492352 |
| Идентификатор авторитетной/нормативной записи |
RU\NLR\AUTH\880413534 |
| 942 ## - ДОПОЛНИТЕЛЬНЫЕ ЭЛЕМЕНТЫ ЗАПИСИ (АБИС) |
| Тип экземпляра АБИС |
Книга |
| 980 ## - КОЛЛЕКЦИЯ |
| Название коллекции |
Национальная библиография |